000 00948nam a22001815i 4500
001 152403
003 ES-MaACL
005 20230906204726.0
008 051013m18621897fr | |||||||| ||fre d
100 1 _aBorghesi, Bartolommeo.
_9126086
245 1 0 _aOeuvres complètes de Bartolomeo Borghesi /
_cpubliées par les ordres et aux frais de S.M. l'Empereur Napoléon III.
260 _aParis :
_bImp. Impériale,
_c1862-1897.
300 _a10 v. ;
_c27 cm.
505 8 _aContiene: I-II. Oeuvres numismatiques - III-V. Oeuvres épigraphiques - VI-VIII. Lettres - IX. Première partie: Nouveaux fragments des fastes consulaires - IX. Seconde partie: Les préfets de Rome - IX. Troisième partie: Table des lettres - X. Les préfets du prétoire, publié par Edouard Cuq
651 4 _aRoma-
_xHistoria.
_99312
700 1 _aCuq, Edouard.
_942196
852 _aES-MaACL
_jG-6250-59
_z- Enc. hol. y rúst.
_z- Falto de la 2ª parte del v. IX y del v. X
999 _c152403
_d152403